| 000 | 01538nam a22002417i 4500 | ||
|---|---|---|---|
| 999 |
_c22884 _d22884 |
||
| 003 | AR-CdUCM | ||
| 008 | 240509b20192019 pe||||| |||| 00| 0 spa d | ||
| 040 |
_aMUNICIPALIDAD PROVINCIAL DEL CUSCO _cBIBLIOTECA MUNICIPAL DEL CUSCO |
||
| 082 |
_a394.61 / G22T _bG22T |
||
| 100 |
_aGarcía Q, Esteban. _96219 |
||
| 245 | _aTradiciones, costumbres, leyendas, cuentos, plegarias del Perú profundo / | ||
| 260 |
_aOropesa : _c2019 |
||
| 300 |
_a225 páginas. : _c27 cm. |
||
| 500 | _zBibliografía: página 229 - 230 | ||
| 505 | _aEl Corpus Christi en el Cusco -- La tradición sobre el sábado baratillo -- La celebración de compadres y comadres en la Villa de Oropesa -- El Cristo Andino Taytacha Señor de Qoyllorit'ti -- El marquesado de oropesa -- La santísima Virgen Asunta de Oropesa -- La cruz del señor de Aqorean de Oropesa -- La primera siembra de trigo traído de España en Oropesa -- El primer T'anta Raymi en Oropesa -- La festividad de San Francisco de Asís patrón de los panaderos de Oropesa -- Los montoneros oropesinos -- Mito del Virrey Francisco de Toledo sobre la fundación de Oropesa -- Wakcha Pukuysitu -- Oropesa: mi pueblo querido -- Saludo a la Virgen Estrella de Oropesa | ||
| 650 |
_aTradiciones y costumbres _96538 |
||
| 650 |
_aLeyendas y cuentos _949770 |
||
| 650 |
_aPoemas y plegarias _949771 |
||
| 650 |
_aReflexiones y plegaria al Señor de los Temblores _949772 |
||
| 650 |
_aRemembranzas del proceso de elaboración del pan Oropesa _949773 |
||
| 942 |
_2ddc _cLIBROS |
||
| 945 |
_apbj _d2024-05-09 |
||